Central Library OPAC University of Rajshahi

Dictionary of agriculture / (Record no. 37595)

MARC details
000 -LEADER
fixed length control field 00811nam a2200265 a 4500
001 - CONTROL NUMBER
control field 37595
003 - CONTROL NUMBER IDENTIFIER
rucl marc code BD-RjUL
005 - DATE AND TIME OF LATEST TRANSACTION
control field 20211209052627.0
008 - FIXED-LENGTH DATA ELEMENTS--GENERAL INFORMATION
fixed length control field 990113r19961990ilua d 000 0 eng d
020 ## - INTERNATIONAL STANDARD BOOK NUMBER
International Standard Book Number 1579580769
035 ## - SYSTEM CONTROL NUMBER
System control number (BD-RjUL)
System control number (OCoLC)40070946
040 ## - CATALOGING SOURCE
Original cataloging agency UCS
Transcribing agency UCS
Modifying agency DLC
Language of cataloging eng
041 ## - LANGUAGE CODE
Language code of text/sound track or separate title eng
082 00 - DEWEY DECIMAL CLASSIFICATION NUMBER
Classification number 630.3
Edition number 21
245 00 - TITLE STATEMENT
Title Dictionary of agriculture /
Statement of responsibility, etc. editor, Alan Stephens.
260 ## - PUBLICATION, DISTRIBUTION, ETC. (IMPRINT)
Place of publication, distribution, etc. New Delhi :
Name of publisher, distributor, etc. Universal Book Stall,
Date of publication, distribution, etc. c1990 {reprinted 1996].
300 ## - PHYSICAL DESCRIPTION
Pagination 277 p. :
Illustrations ill. ;
Size 22 cm.
650 #0 - SUBJECT ADDED ENTRY--TOPICAL TERM
Topical term or geographic name as entry element Agriculture
Form subdivision Dictionaries.
9 (RLIN) 115524
700 1# - ADDED ENTRY--PERSONAL NAME
Personal name Stephens, Alan,
Dates associated with a name 1927-
856 42 - ELECTRONIC LOCATION AND ACCESS
Materials specified Publisher description
Uniform Resource Identifier <a href="http://www.loc.gov/catdir/enhancements/fy0653/99161557-d.html">http://www.loc.gov/catdir/enhancements/fy0653/99161557-d.html</a>
942 ## - ADDED ENTRY ELEMENTS (KOHA)
Source of classification or shelving scheme Dewey Decimal Classification
Koha item type Books
Holdings
Lost status Source of classification or shelving scheme Damaged status Not for loan Permanent Location Current Location Shelving location Date acquired Source of acquisition Total Checkouts Full call number Date last seen Copy number Koha item type
  Dewey Decimal Classification   Not For Loan Institute of Biological Sciences (IBSc) Library Institute of Biological Sciences (IBSc) Library   28/01/2015 Karim International   630.3 DIC 1996 28/01/2015 C-1 Books